000 00308nam a2200097Ia 4500
082 _a658.3112|BOON
245 0 _aHiring employees : principles and practices
100 _a Boonzaaier, E., Pretoria, South Africa, [2013] 3rd edition
_949868
942 _cBK
008 210817s9999 xx 000 0 und d
999 _c161092
_d161091